000 00630nam a22001697a 4500
999 _c12799
_d12799
008 160808b xxu||||| |||| 00| 0 eng d
020 _a0131191705
050 _aLC 3981.H49 2006
100 _aHeward, William L.
_d2006
245 _aExceptional children:
_ban introduction to special education /
_cWilliam L.Heward
250 _a8th ed.
260 _aNew Jersey;
_bPearson,
_c2006.
300 _axxiv, 637(92) p. :ill.
_bIncludes bibliographical references and index.
650 _aSpecial education-United States.
650 _aExceptional children-United States.
650 _aSpecial needs.
942 _2lcc
_cBOOKS
_hLC 3981.H49 2006
_02